000
00339nam a2200133Ia 4500
008
240624s9999 xx 000 0 und d
041
_a
eng
082
_a
428.2 GOP
100
_a
TURTON NIGEL D
245
_a
ABC OF COMMON GRAMMATICAL ERRORS FOR LEA
260
_c
2004
_a
New Delhi
_b
Macmillan
300
_a
xx, : 897 : cm. ; 24
365
_c
RS
999
_c
2008
_d
2008